000 00982nam a22002537a 4500
005 20170123164203.0
010 _aB-079858
020 _c75.00
035 _aB-079858
037 _bCen Lib/Ret
040 _aDPL
_bPN
082 _a841
_bਸੂਰੀਕੁ
245 _aਇਕਬਾਲ ਡੀ ਸ਼ਾਇਰੀ /
_cਸੰਪਾਦਕ ਕੁਲਵੰਤ ਸਿੰਘ ਸੂਰੀ
246 _aIqbal di shairee /
_bby Kulwant Singh Suri
260 _aਅੰਮ੍ਰਿਤਸਰ
_bਲੋਕ ਸਾਹਿਤ ਪ੍ਰਕਾਸ਼ਨ
_c1990
270 _a186, Green Avenue
_bਅੰਮ੍ਰਿਤਸਰ
_e143001
300 _a136p ;
_c20cm
650 _aਪੰਜਾਬੀ-- ਸਾਹਿਤ
_9139191
650 _aਪੰਜਾਬੀ--ਕਵਿਤਾ
_9139192
650 _a literature--Punjabi
_9139193
650 _aPunjabi - Poem
_9121105
700 _aਸੂਰੀ, ਕੁਲਵੰਤ ਸਿੰਘ
_9139194
942 _2ddc
_cPN
_h841
_mਸੂਰੀਕੁ
999 _c111212
_d111212